| 000 | 01018cab a22002055a 4500 | ||
|---|---|---|---|
| 001 | L136949 | ||
| 008 | 070306e2007 xxk 000 0 eng d | ||
| 035 | _a(Sirsi) u136949 | ||
| 041 | 0 | _aeng | |
| 100 | 1 | _aBirkby, Gillian | |
| 245 | _aSafe as houses | ||
| 260 | _c2007 | ||
| 490 | 0 |
_aSolicitors' Journal _v151(9) 2 March 2007, 286-287(2) |
|
| 520 | _aReviews the key changes in the revised Construction (Design and Management) Regulations 2007. Briefly covers the size of project covered by the Regulations, co-operation and co-ordination, pre-construction phase health and safety plan, competence, the client, management duties, designers, health and safety file, CDM co-ordinator, contractors, principal contractor, transitional provisions, and when a construction project is notifiable. | ||
| 590 | _aKA | ||
| 650 | 2 | 4 | _aCONSTRUCTION (DESIGN AND MANAGEMENT) REGULATIONS 2007 |
| 651 | 4 | _aGREAT BRITAIN | |
| 690 | _aBUILT ENVIRONMENT-CONSTRUCTION MANAGEMENT-CONSTRUCTION DESIGN AND MANAGEMENT | ||
| 942 | _n0 | ||
| 999 |
_c78504 _d78504 |
||